Regional planning for social developmnent (Record no. 354491)

000 -LEADER
fixed length control field 00351cam a22001217a 4500
008 - FIXED-LENGTH DATA ELEMENTS--GENERAL INFORMATION
fixed length control field 180718b1989 xxu||||| |||| 00| 0 eng d
082 ## - DEWEY DECIMAL CLASSIFICATION NUMBER
Classification number J4x5421 Sh23
100 ## - MAIN ENTRY--PERSONAL NAME
Personal name Sharma, R.C.
245 ## - TITLE STATEMENT
Title Regional planning for social developmnent
Statement of responsibility, etc. by R.C. Sharma
260 ## - PUBLICATION, DISTRIBUTION, ETC.
Place of publication, distribution, etc. Delhi
Name of publisher, distributor, etc. Criterion
Date of publication, distribution, etc. 1989
300 ## - PHYSICAL DESCRIPTION
Extent 400p.
650 ## - SUBJECT ADDED ENTRY--TOPICAL TERM
Topical term or geographic name entry element Regional planning - India - U.P.
Holdings
Withdrawn status Lost status Damaged status Not for loan Permanent Location Current Location Date acquired Full call number Barcode Date last seen Price effective from Koha item type
        Indian Institute of Public Administration Indian Institute of Public Administration 1993-12-10 J4x5421 Sh23 64401 2018-07-21 2018-07-21 Book

Powered by Koha